|
|
|
|
| LEADER |
00000nam0a2200000 4500 |
| 001 |
20876 |
| 005 |
20231101205401.0 |
| 035 |
|
|
|a (RuTPU)RU\TPU\book\21066
|
| 035 |
|
|
|a BOOK00021137
|
| 090 |
|
|
|a 20876
|
| 100 |
|
|
|a 20011209d1977 km y0rusy50 ca
|
| 101 |
1 |
|
|a rus
|
| 102 |
|
|
|a RU
|
| 105 |
|
|
|a a z 001zy
|
| 200 |
1 |
|
|a Вопросы гидрогеологии
|e сборник статей
|f Московский государственный университет им. М. В. Ломоносова
|
| 210 |
|
|
|a Москва
|c Изд-во Московского ун-та
|d 1977
|
| 215 |
|
|
|a 194 с.
|c ил.
|
| 320 |
|
|
|a Библиография в конце статей
|
| 606 |
1 |
|
|a Гидрогеология
|2 stltpush
|3 (RuTPU)RU\TPU\subj\38647
|9 59032
|
| 610 |
1 |
|
|a понятия
|
| 610 |
1 |
|
|a подземная гидросфера
|
| 610 |
1 |
|
|a гидрогеологическая стратификация
|
| 610 |
1 |
|
|a породы
|
| 610 |
1 |
|
|a фильтрационные свойства
|
| 610 |
1 |
|
|a подземные воды
|
| 610 |
1 |
|
|a химический состав
|
| 610 |
1 |
|
|a формирование
|
| 610 |
1 |
|
|a гидрогеологическая информация
|
| 675 |
|
|
|a 556.3
|v 4
|
| 712 |
0 |
2 |
|a Московский государственный университет им. М. В. Ломоносова
|c (1940- )
|2 stltpush
|3 (RuTPU)RU\TPU\col\7
|9 23122
|
| 801 |
|
0 |
|a RU
|b 63413507
|c 20011209
|g PSBO
|
| 801 |
|
2 |
|a RU
|b 63413507
|c 20221208
|g PSBO
|
| 942 |
|
|
|c BK
|